Nanokatalyzátory na báze železa a molybdénu

Gespeichert in:
Bibliographische Detailangaben
1. Verfasser: Koreň, Jakub (Verfasst von)
Weitere Verfasser: Horváth, Blažej (Betreuung Doktorarbeit)
Format: Manuskript Buch
Sprache:Slowakisch
Veröffentlicht: 2015
Schlagworte:
Online-Zugang:http://is.stuba.sk/zp/portal_zp.pl?podrobnosti=101694
Tags: Tag hinzufügen
Keine Tags, Fügen Sie das erste Tag hinzu!

MARC

LEADER 00000ntm a22000003a 4500
001 stuzp49724
003 SK-STU
005 20160719153351.4
007 ta
008 150427s2015----xo-----f-mn---000-0-slo-d
040 |a STU  |b slo 
041 0 |a slo 
100 1 |a Koreň, Jakub  |u 048130  |4 aut  |U FCHPT Ústav organickej chémie, katalýzy a petrochémie  |T FCHPT Oddelenie organickej technológie  |X 61122  |U C8130  |Y 123  |7 61122 
242 0 1 |a Nanocatalysts based on iron and molybdenum  |y eng 
245 1 0 |a Nanokatalyzátory na báze železa a molybdénu 
260 |c 2015 
650 4 |a propylén  |2 slo 
650 4 |a katalyzátor  |2 slo 
650 4 |a železo  |2 slo 
650 4 |a molybdén  |2 slo 
650 4 |a propylénoxid  |2 slo 
650 4 |a propylene  |2 eng 
650 4 |a catalyst  |2 eng 
650 4 |a iron  |2 eng 
650 4 |a molybdenum  |2 eng 
650 4 |a propyleneoxide  |2 eng 
700 1 |a Horváth, Blažej  |4 ths  |X 3937  |7 A000003937 
856 4 |u http://is.stuba.sk/zp/portal_zp.pl?podrobnosti=101694 
SQL |a stuzp49724  |b DBP  |c SLO  |d Nanokatalyzátory na báze železa a molybdénu  |e 61122  |f Koreň, Jakub  |g 048130  |h 3937  |i Horváth, Blažej  |j 20150713  |k 753  |l 04  |m http://is.stuba.sk/zp/portal_zp.pl?podrobnosti=101694  |n B-CHEMAT  |o 4.1.14. chémia, 5.2.18. chemické technológie